Statistics for Capitals of Countries Bordering Democratic Republic of the Congo

Click here to take the quiz!

General Stats

  • This quiz has been taken 41 times
    (22 since last reset)
  • The average score is 7 of 9

Answer Stats

CountryCapital% Correct
Republic of the CongoBrazzaville
90%
AngolaLuanda
80%
UgandaKampala
75%
RwandaKigali
75%
ZambiaLusaka
75%
Central African RepublicBangui
70%
BurundiGitega
70%
TanzaniaDodoma
65%
South SudanJuba
65%

Score Distribution

Percentile by Number Answered

Percent of People with Each Score

Your Score History

You have not taken this quiz since the last reset